000 00321nam a22001337a 4500
020 _a93-95239-21-9
082 _a894.812.3
_bMOH/U
100 _aMOHAN,G. BENCY
245 _aUNNIKUTTANUM PACHAMANUSHYANUM
260 _aTHRISSUR
_bPRABHATHAM PRINTING & PUBLISHING
300 _a99
650 _aSTORY
_zKERALA
942 _cBK
999 _c7114
_d7114